<?xml version="1.0" encoding="UTF-8"?>
<marc:record xmlns:marc="http://www.loc.gov/MARC21/slim">
   <marc:leader>00000nam a2200000 a 4500</marc:leader>
   <marc:datafield ind1="1" ind2=" " tag="100">
      <marc:subfield code="a">Hula, Saskia</marc:subfield>
      <marc:subfield code="4">aut</marc:subfield>
      <marc:subfield code="e">Verfasser/-in</marc:subfield>
   </marc:datafield>
   <marc:datafield ind1="1" ind2=" " tag="100">
      <marc:subfield code="a">Hofbauer, Friedl</marc:subfield>
   </marc:datafield>
   <marc:datafield ind1="1" ind2=" " tag="100">
      <marc:subfield code="a">Krapp, Thilo</marc:subfield>
   </marc:datafield>
   <marc:datafield ind1="0" ind2="0" tag="245">
      <marc:subfield code="a">Mamas Liste</marc:subfield>
   </marc:datafield>
   <marc:datafield ind1="0" ind2="0" tag="245">
      <marc:subfield code="c">Saskia Hula. Friedl Hofbauer ; Thilo Krapp</marc:subfield>
   </marc:datafield>
   <marc:datafield ind1=" " ind2="1" tag="264">
      <marc:subfield code="a">Düsseldorf</marc:subfield>
      <marc:subfield code="b">Dachs-Verl.</marc:subfield>
   </marc:datafield>
   <marc:datafield ind1="1" ind2=" " tag="520">
      <marc:subfield code="a">Nicht alles, was Spaß macht, ist gefährlich!&lt;br/&gt;&lt;br/&gt;Mamas Liste: Da steht alles drauf, was Elli nicht tun darf. Denn Elli ist übers Wochenende bei ihrem Onkel Theo und muss ganz brav sein. Noch viel braver, als sie sowieso schon ist. Ansonsten drohen schlimme Dinge: Wer keine Mütze trägt, bekommt Lungenentzündung, wer Katzen streichelt, wird gekratzt, und von Erdbeeren bekommt Elli Pickel.&lt;br/&gt;Doch als Elli außerplanmäßig zur Oma weitergereicht wird, kommt die Liste abhanden. Und dort trifft sie ihre wilden Cousinen. Elli merkt schnell: Nicht alles, was Spaß macht, ist gefährlich! Zusammen schreiben sie eine neue Liste: "Alles, was Elli ganz unbedingt braucht!"&lt;br/&gt;&lt;br/&gt;Eine freche Geschichte vom Bravsein.&lt;br/&gt;&lt;br/&gt;Dieser Titel ist auf Antolin gelistet.</marc:subfield>
   </marc:datafield>
   <marc:datafield ind1=" " ind2=" " tag="020">
      <marc:subfield code="a">9783851913972</marc:subfield>
      <marc:subfield code="9">9783851913972</marc:subfield>
   </marc:datafield>
   <marc:datafield ind1=" " ind2=" " tag="041">
      <marc:subfield code="a">ger</marc:subfield>
   </marc:datafield>
   <marc:datafield ind1="1" ind2=" " tag="521">
      <marc:subfield code="a">0</marc:subfield>
   </marc:datafield>
   <marc:datafield ind1=" " ind2=" " tag="300">
      <marc:subfield code="a">75 S.</marc:subfield>
   </marc:datafield>
</marc:record>
